La vocación del zángano / (Record no. 180762)

MARC details
000 -LEADER
campo de control de longitud fija 00900nam a2200241 i 4500
001 - NÚMERO DE CONTROL
campo de control 180762
003 - IDENTIFICADOR DE NÚMERO DE CONTROL
campo de control ES-MaACL
005 - FECHA Y HORA DE LA ÚLTIMA TRANSACCIÓN
campo de control 20230930163734.0
008 - DATOS DE LONGITUD FIJA--INFORMACIÓN GENERAL
campo de control de longitud fija 120710s2010 sp |||| | spa d
020 ## - NÚMERO INTERNACIONAL ESTÁNDAR DEL LIBRO
Número Internacional Estándar del Libro 978-84-15200-03-1
080 ## - NÚMERO DE LA CLASIFICACIÓN DECIMAL UNIVERSAL
Número de la Clasificación Decimal Universal 821.134.2-14"19"
100 1# - ENTRADA PRINCIPAL--NOMBRE DE PERSONA
Nombre de persona Reina, Manuel Francisco.
9 (RLIN) 96026
245 13 - MENCIÓN DEL TÍTULO
Título La vocación del zángano /
Mención de responsabilidad, etc. Manuel Francisco Reina.
250 ## - MENCION DE EDICION
Mención de edición 1ª ed.
260 ## - PUBLICACIÓN, DISTRIBUCIÓN, ETC.
Lugar de publicación, distribución, etc. Granada :
Nombre del editor, distribuidor, etc. La Compañía de Versos Anónimos,
Fecha de publicación, distribución, etc. 2010.
300 ## - DESCRIPCIÓN FÍSICA
Extensión 113 p. ;
Dimensiones 20 cm.
505 8# - NOTA DE CONTENIDO CON FORMATO
Nota de contenido con formato Contiene: ;
Título El empeño y la rebeldía, condición poética /
Mención de responsabilidad Magdalena Lasala (p. 9-15)
700 1# - ENTRADA AGREGADA--NOMBRE PERSONAL
Nombre de persona Lasala, Magdalena.
9 (RLIN) 70406
852 ## - LOCALIZACIÓN
Ubicación ES-MaACL
Número de control de estantería A-12129
itemnumber 187673
Sublocalización o colección R.147054
Ubicación en estantería Depósito 1
Signatura antigua Olim: N-5134
Encuadernación Donación: Manuel Francisco Reina
Nota libre Dedicatoria autógrafa del autor
903 ## - NOMBRE PERSONAL DE DONANTE
9 96026
a Reina, Manuel Francisco
e Donante
942 ## - ELEMENTOS DE ENTRADA SECUNDARIOS (KOHA)
Fuente del sistema de clasificación o colocación Clasificación decimal universal
Tipo de ítem Koha Libro impreso
Holdings
Estatus retirado Estado de pérdida Fuente del sistema de clasificación o colocación Estado de daño No para préstamo Colección Biblioteca de origen Biblioteca actual Ubicación en estantería Fecha de adquisición Fuente de adquisición Total de préstamos Signatura topográfica completa Código de barras Visto por última vez Precio de reemplazo Tipo de ítem Koha Nota pública
    Clasificación decimal universal     Libros con dedicatorias Biblioteca del Ateneo de Madrid Biblioteca del Ateneo de Madrid Depósito 1 10/07/2012 Donación   A-12129 1189950 23/02/2023 23/02/2023 Libro impreso Dedicatoria autógrafa del autor